Les pays asiatiques qui ont déjà participé à la Coupe du monde de foot - Statistiques

Statistiques générales
  • Ce quiz a été pris 485 fois
    415 depuis la dernière actualisation
  • Le résultat moyen est 11 sur 15
Statistiques - réponses
rang pays nbr années % Correct
2 Japon 7 1998, 2002, 2006, 2010, 2014, 2018, 2022
100%
1 Corée du Sud 11 1954, 1986, 1990, 1994, 1998, 2002, 2006, 2010, 2014, 2018, 2022
99%
Chine 1 2002
98%
Corée du Nord 2 1966,2010
88%
3 Arabie saoudite 6 1994, 1998, 2002, 2006, 2018 ,2022
87%
Iran 6 1978, 1998, 2006, 2014,2018 ,2022
86%
Qatar 1 2022
84%
Irak 1 1986
79%
6 Turquie 2* 1954 ,2002
70%
5 Russie 4 1994, 2002, 2014; 2018
69%
Israel 1* 1970
65%
8 Indonésie 1 1938
64%
Koweït 1 1982
57%
E.A.U. 1 1990
39%
URSS 7* 1958, 1962, 1966, 1970, 1982,1986, 1990
33%
Aucun quiz correspondant
Distribution des résultats
% des personnes avec chaque résultat
Percentile par nombre de réponses
Votre historique - résultats
Vous n’avez pas pris ce quiz depuis la dernière actualisation